Katalyzátory na báze zlata pre selektívnu oxidáciu glycerolu

Guardado en:
Detalles Bibliográficos
Autor principal: Špirek, Šimon
Formato: Libro
Lenguaje:eslovaco
Publicado: Bratislava STU FCHPT 2012
Acceso en línea:Ver en el OPAC
Etiquetas: Agregar Etiqueta
Sin Etiquetas, Sea el primero en etiquetar este registro!

MARC

LEADER 00000nam a2200000 a 4500
005 20260127133937.0
008 120619 2012 xo 000 0 slo d
035 |a vtls010430784 
039 9 |a 201207091122  |b mschk03  |y 201206191022  |z mschk03 
040 |a STUSCHK1  |b slo  |c STUSCHK1  |e AACR2 
100 1 |a Špirek, Šimon 
245 1 |a Katalyzátory na báze zlata pre selektívnu oxidáciu glycerolu  |c Šimon Špirek 
260 |a Bratislava  |b STU FCHPT  |c 2012 
300 |a 101 s.  |b il.  |c 30cm 
500 |a Obháj.: 4.6. 2012 
500 |a Študijný program: chemické technológie 
500 |a Študijný odbor: 5.2.18 chemické technológie 
500 |a Miesto vypracovania: Oddelenie organickej technológie, FCHPT STU 
500 |a Evidenčné číslo: FCHPT-5439-50732 
500 |a Diplomová práca 
910 |a SCHK95 
999 |c 572  |d 572